[Event "Izmailov Memorial op 17th"]
[Site "Tomsk"]
[Date "2013.06.16"]
[Round "6"]
[White "Dmitrienko, Andrey"]
[Black "Nukin, Ashat"]
[Result "0-1"]
[WhiteElo "2208"]
[BlackElo "2361"]
[PlyCount "72"]
[EventDate "2013.06.11"]
[EventType "swiss"]
[EventRounds "9"]
[EventCountry "RUS"]
[SourceTitle "CBM 154 Extra"]
[Source "ChessBase"]
[SourceDate "2013.06.25"]
[SourceVersion "2"]
[SourceVersionDate "2013.06.25"]
[SourceQuality "1"]

1. d4 Nf6 2. c4 e6 3. Nf3 d5 4. Nc3 Bb4 5. Qa4+ Nc6 6. e3 0-0 7. Bd2 dxc4 8. Qc2 a6 9. a4 Bd6 10. Bxc4 e5 11. dxe5 Nxe5 12. Nxe5 Bxe5 13. 0-0 Re8 14. Be2 Bf5 15. Qc1 Qe7 16. Rd1 Rad8 17. Be1 c6 18. Rxd8 Rxd8 19. f3 Bd3 20. Bxd3 Rxd3 21. Bf2 Qd6 22. g3 h5 23. Qe1 Rd2 24. Rb1 Qd3 25. Qf1 Qc2 26. Be1 Bxc3 27. bxc3 Rd7 28. Rb4 c5 29. Rc4 Rd1 30. Rxc5 Nd5 31. Qf2 Qc1 32. Kf1 Nxe3+ 33. Ke2 Nc2 34. Rc8+ Kh7 35. Qc5 Rxe1+ 36. Kf2 Qd2# 0-1

[Event "Izmailov Memorial op 17th"]
[Site "Tomsk"]
[Date "2013.06.15"]
[Round "5"]
[White "Permyakov, Evgeniy"]
[Black "Dmitrienko, Andrey"]
[Result "1-0"]
[WhiteElo "2103"]
[BlackElo "2208"]
[PlyCount "54"]
[EventDate "2013.06.11"]
[EventType "swiss"]
[EventRounds "9"]
[EventCountry "RUS"]
[SourceTitle "CBM 154 Extra"]
[Source "ChessBase"]
[SourceDate "2013.06.25"]
[SourceVersion "2"]
[SourceVersionDate "2013.06.25"]
[SourceQuality "1"]

1. d4 Nf6 2. c4 g6 3. Nc3 Bg7 4. Nf3 0-0 5. g3 d6 6. Bg2 Nbd7 7. 0-0 e5 8. e4 c6 9. h3 Qb6 10. d5 Nc5 11. Qe2 Bd7 12. Rd1 cxd5 13. cxd5 Rfc8 14. Be3 Qd8 15. Nd2 Ne8 16. Rdc1 a5 17. a4 f5 18. Bxc5 Rxc5 19. Nc4 Rac8 20. b3 Qe7 21. Ra2 Nf6 22. Re1 Rf8 23. Qd1 Bh6 24. Nb5 Bxb5 25. axb5 fxe4 26. Bxe4 b6 27. Nxb6 Nxe4 1-0

[Event "Izmailov Memorial op 17th"]
[Site "Tomsk"]
[Date "2013.06.12"]
[Round "2"]
[White "Dmitrienko, Andrey"]
[Black "Zakhartsov, Viacheslav V"]
[Result "0-1"]
[WhiteElo "2208"]
[BlackElo "2536"]
[PlyCount "84"]
[EventDate "2013.06.11"]
[EventType "swiss"]
[EventRounds "9"]
[EventCountry "RUS"]
[SourceTitle "CBM 154 Extra"]
[Source "ChessBase"]
[SourceDate "2013.06.25"]
[SourceVersion "2"]
[SourceVersionDate "2013.06.25"]
[SourceQuality "1"]

1. d4 Nf6 2. Nf3 c5 3. e3 g6 4. Bd3 Bg7 5. 0-0 0-0 6. b3 b6 7. Bb2 Bb7 8. Nbd2 d6 9. c4 e6 10. Qe2 Nbd7 11. Rad1 Qc7 12. Bb1 Rfe8 13. e4 cxd4 14. Nxd4 a6 15. f4 e5 16. fxe5 Nxe5 17. Kh1 Re7 18. N4f3 Ned7 19. b4 Rae8 20. Qd3 Nxe4 21. Bxg7 Nxd2 22. Qxd2 Kxg7 23. Qd4+ Kg8 24. Ng5 Qc6 25. Rd2 Re2 26. Rxe2 Rxe2 27. Be4 Rxe4 28. Nxe4 Qxe4 29. Qxe4 Bxe4 30. Rd1 d5 31. cxd5 Kf8 32. d6 f5 33. h4 Kf7 34. Kh2 Ke6 35. Kg3 Nf6 36. Rd2 Nd5 37. h5 g5 38. h6 Kxd6 39. Rd1 Ke5 40. a3 f4+ 41. Kf2 Bxg2 42. Rc1 Be4 0-1

[Event "Izmailov Memorial op 17th"]
[Site "Tomsk"]
[Date "2013.06.11"]
[Round "1"]
[White "Erdenieva, Oyuna"]
[Black "Dmitrienko, Andrey"]
[Result "0-1"]
[WhiteElo "1806"]
[BlackElo "2208"]
[PlyCount "94"]
[EventDate "2013.06.11"]
[EventType "swiss"]
[EventRounds "9"]
[EventCountry "RUS"]
[SourceTitle "CBM 154 Extra"]
[Source "ChessBase"]
[SourceDate "2013.06.25"]
[SourceVersion "2"]
[SourceVersionDate "2013.06.25"]
[SourceQuality "1"]

1. e4 c5 2. Nf3 Nc6 3. d4 cxd4 4. Nxd4 Qb6 5. Nb3 Nf6 6. Nc3 d6 7. Be3 Qc7 8. f3 a6 9. Qd2 e6 10. 0-0-0 Be7 11. h4 h5 12. Be2 Ne5 13. Bf4 Bd7 14. Bxe5 dxe5 15. a3 Rc8 16. Bd3 Bxa3 17. Nb1 Be7 18. Qa5 0-0 19. N1d2 Qxa5 20. Nxa5 b5 21. Kb1 Rc7 22. c4 Rfc8 23. cxb5 axb5 24. Rc1 Rxc1+ 25. Rxc1 Rxc1+ 26. Kxc1 Nh7 27. g3 g5 28. hxg5 Nxg5 29. Kd1 Kg7 30. Ke2 f5 31. Nab3 f4 32. Kf2 fxg3+ 33. Kxg3 Nf7 34. Bf1 Nh8 35. Nb1 Ng6 36. N3d2 Nf4 37. Nc3 h4+ 38. Kh2 b4 39. Nd1 Bc5 40. b3 Bd4 41. Nc4 Bb5 42. Nde3 Bxe3 43. Nxe3 Bxf1 44. Nxf1 Kf6 45. Ne3 Nd3 46. Kh3 Kg5 47. Nf1 Ne1 0-1

[Event "Izmailov Memorial op 16th"]
[Site "Tomsk"]
[Date "2012.08.13"]
[Round "8"]
[White "Dmitrienko, Andrey"]
[Black "Belalov, Timur"]
[Result "1-0"]
[WhiteElo "2249"]
[BlackElo "1944"]
[PlyCount "79"]
[EventDate "2012.08.06"]
[EventType "swiss"]
[EventRounds "9"]
[EventCountry "RUS"]
[SourceTitle "CBM 149 Extra"]
[Source "ChessBase"]
[SourceDate "2012.08.24"]
[SourceVersion "1"]
[SourceVersionDate "2012.08.24"]
[SourceQuality "1"]

1. d4 d5 2. Nf3 c6 3. c4 e6 4. e3 Nf6 5. Bd3 dxc4 6. Bxc4 b5 7. Bd3 Bb7 8. 0-0 Nbd7 9. a4 a6 10. e4 Be7 11. e5 Nd5 12. Nc3 Nxc3 13. bxc3 Nb6 14. a5 Nd5 15. c4 bxc4 16. Bxc4 c5 17. Ba3 Nf4 18. Bxc5 Bxc5 19. dxc5 Qe7 20. Qa4+ Qd7 21. Qxd7+ Kxd7 22. Rfd1+ Nd5 23. Rab1 Kc7 24. Bxd5 Bxd5 25. Nd4 Rab8 26. Rb6 Rxb6 27. cxb6+ Kb7 28. Rc1 Rc8 29. Rxc8 Kxc8 30. f4 Kd7 31. Kf2 Bb7 32. h4 h5 33. g3 g6 34. Ke3 Bd5 35. Kd2 Bb7 36. Kc3 Bd5 37. Kb4 Bb7 38. Kc5 Bd5 39. Nc2 Be4 40. Ne3 1-0

[Event "Izmailov Memorial op 13th"]
[Site "Tomsk"]
[Date "2009.06.29"]
[Round "6"]
[White "Uteshev, Arsen"]
[Black "Dmitrienko, Andrey"]
[Result "1/2-1/2"]
[WhiteElo "2115"]
[BlackElo "2260"]
[PlyCount "65"]
[EventDate "2009.06.24"]
[EventType "swiss"]
[EventRounds "9"]
[EventCountry "RUS"]
[SourceTitle "EXT 2010"]
[Source "ChessBase"]
[SourceDate "2010.11.25"]
[SourceVersion "1"]
[SourceVersionDate "2010.11.25"]
[SourceQuality "1"]

1. d4 Nf6 2. c4 g6 3. Nc3 Bg7 4. e4 0-0 5. Nf3 d6 6. Bg5 c6 7. Be2 Nbd7 8. 0-0 e5 9. d5 h6 10. Bh4 c5 11. a3 a6 12. Nd2 Qe8 13. b4 Nh7 14. Nb3 b6 15. Rc1 h5 16. f3 Bh6 17. Rb1 Be3+ 18. Kh1 f5 19. exf5 gxf5 20. f4 exf4 21. Bxh5 Qe5 22. Qd3 cxb4 23. axb4 Ndf6 24. Bf3 Ra7 25. Rbe1 Ng4 26. h3 Nhf6 27. Bxf6 Rxf6 28. c5 bxc5 29. bxc5 Rh7 30. Nd1 Rfh6 31. Bxg4 fxg4 32. Nxe3 gxh3 33. g3 1/2-1/2

[Event "Izmailov Memorial op 13th"]
[Site "Tomsk"]
[Date "2009.06.27"]
[Round "4"]
[White "Bessonov, Egor"]
[Black "Dmitrienko, Andrey"]
[Result "1-0"]
[WhiteElo "2080"]
[BlackElo "2260"]
[PlyCount "103"]
[EventDate "2009.06.24"]
[EventType "swiss"]
[EventRounds "9"]
[EventCountry "RUS"]
[SourceTitle "EXT 2010"]
[Source "ChessBase"]
[SourceDate "2010.11.25"]
[SourceVersion "1"]
[SourceVersionDate "2010.11.25"]
[SourceQuality "1"]

1. e4 c5 2. Nf3 d6 3. d4 cxd4 4. Qxd4 Bd7 5. c4 Nf6 6. Nc3 Nc6 7. Qd2 g6 8. b3 Bg7 9. Bb2 0-0 10. Bd3 Bg4 11. Nd5 Bxf3 12. gxf3 e6 13. Ne3 Nh5 14. Bxg7 Kxg7 15. Ng4 e5 16. Qh6+ Kh8 17. 0-0-0 Nd4 18. Rhe1 f6 19. Re3 a5 20. Bf1 a4 21. b4 a3 22. b5 Qe7 23. Red3 Rfc8 24. Rxd4 exd4 25. Rxd4 f5 26. Ne3 Qf6 27. Nc2 f4 28. Bh3 Rc5 29. Kd2 Qh4 30. Bg4 Qxf2+ 31. Kc3 Qh4 32. Rxd6 Qe7 33. Rd7 Qe5+ 34. Nd4 Ng7 35. Qxg7+ Qxg7 36. Rxg7 Kxg7 37. Ne6+ Kf6 38. Nxc5 h5 39. Bh3 g5 40. Nxb7 Rg8 41. c5 g4 42. fxg4 hxg4 43. Bf1 g3 44. hxg3 Rxg3+ 45. Kd4 Rg1 46. e5+ Ke7 47. Bc4 Re1 48. c6 f3 49. Nd6 f2 50. c7 f1Q 51. Bxf1 Rxf1 52. c8Q 1-0

[Event "Tomsk-ch"]
[Site "Tomsk"]
[Date "2008.12.??"]
[Round "3"]
[White "Dmitrienko, Andrey"]
[Black "Adarov, Arzhan"]
[Result "0-1"]
[WhiteElo "2288"]
[BlackElo "2220"]
[PlyCount "74"]
[EventDate "2008.12.15"]
[EventType "tourn"]
[EventRounds "9"]
[EventCountry "RUS"]
[SourceTitle "EXT 2022"]
[Source "ChessBase"]
[SourceDate "2021.10.06"]
[SourceVersion "1"]
[SourceVersionDate "2021.10.06"]
[SourceQuality "1"]

1. e4 e5 2. f4 exf4 3. Nf3 d6 4. Bc4 Be6 5. Bxe6 fxe6 6. d4 Nf6 7. Nc3 Be7 8. Bxf4 0-0 9. Qd2 Nc6 10. 0-0 Qd7 11. Rae1 Rae8 12. d5 Nd8 13. Bg5 e5 14. Bxf6 Bxf6 15. Nd1 Qa4 16. Nf2 Rf7 17. b3 Qd7 18. c4 Ref8 19. b4 Be7 20. Rc1 Rf4 21. c5 Bh4 22. Nxh4 Rxh4 23. c6 bxc6 24. dxc6 Qe6 25. g3 Rh6 26. Qd5 Rhf6 27. Qa5 Qf7 28. Qxa7 Ne6 29. Qe3 Rf3 30. Qd2 Ng5 31. Qd5 Rxf2 32. Rxf2 Nh3+ 33. Kg2 Nxf2 34. Qxf7+ Rxf7 35. a4 Nxe4 36. a5 Rf2+ 37. Kg1 Rb2 0-1

[Event "RUS-chT2"]
[Site "Sochi"]
[Date "2007.05.11"]
[Round "9"]
[White "Ivanov, Alexey2"]
[Black "Dmitrienko, Andrey"]
[Result "1-0"]
[WhiteElo "2425"]
[BlackElo "2301"]
[PlyCount "105"]
[EventDate "2007.05.03"]
[EventType "team"]
[EventRounds "9"]
[EventCountry "RUS"]
[SourceTitle "CBM 118 Extra"]
[Source "ChessBase"]
[SourceDate "2007.07.04"]
[SourceVersion "1"]
[SourceVersionDate "2007.07.04"]
[SourceQuality "1"]

1. e4 c5 2. Nf3 d6 3. d4 cxd4 4. Nxd4 Nf6 5. Nc3 g6 6. Be3 Bg7 7. f3 0-0 8. Qd2 Nc6 9. Bc4 Bd7 10. 0-0-0 Rb8 11. Bb3 Na5 12. Bh6 Bxh6 13. Qxh6 b5 14. h4 e5 15. Nde2 b4 16. Nd5 Nxb3+ 17. axb3 Nxd5 18. Rxd5 Rb6 19. h5 g5 20. f4 Bg4 21. Nd4 gxf4 22. g3 Kh8 23. gxf4 exd4 24. Rg5 Rg8 25. Rxg8+ Kxg8 26. Rg1 Qh4 27. f5 f6 28. Qf4 Kf7 29. Qxg4 Qxg4 30. Rxg4 Rb5 31. h6 d5 32. Rg7+ Kf8 33. exd5 Rxd5 34. Rxh7 Rxf5 35. Rxa7 Kg8 36. Kd2 Rh5 37. h7+ Kh8 38. Kd3 Rh4 39. Rb7 f5 40. Rxb4 Kxh7 41. Rxd4 Rh3+ 42. Kc4 Kg6 43. b4 Kg5 44. b5 Rh2 45. b6 Rxc2+ 46. Kb3 Re2 47. b7 Re8 48. Rc4 Rb8 49. Rc7 f4 50. Kc4 f3 51. Rf7 f2 52. Rxf2 Rxb7 53. b4 1-0

[Event "RUS-chT2"]
[Site "Sochi"]
[Date "2007.05.08"]
[Round "6"]
[White "Dmitrienko, Andrey"]
[Black "Benza, Artem"]
[Result "1/2-1/2"]
[WhiteElo "2301"]
[BlackElo "2320"]
[PlyCount "120"]
[EventDate "2007.05.03"]
[EventType "team"]
[EventRounds "9"]
[EventCountry "RUS"]
[SourceTitle "CBM 118 Extra"]
[Source "ChessBase"]
[SourceDate "2007.07.04"]
[SourceVersion "1"]
[SourceVersionDate "2007.07.04"]
[SourceQuality "1"]

1. d4 Nf6 2. c4 g6 3. Nc3 Bg7 4. e4 d6 5. f3 0-0 6. Bg5 c5 7. Nge2 cxd4 8. Nxd4 Nc6 9. Nc2 Be6 10. Qd2 a6 11. Be2 Ne5 12. b3 Rc8 13. 0-0 Re8 14. Rac1 Qa5 15. Nd4 Nc6 16. Nxe6 fxe6 17. Be3 Nd7 18. f4 Nc5 19. Bf3 Rf8 20. Rfd1 Kh8 21. Ne2 Qxd2 22. Rxd2 b6 23. Rf1 e5 24. g3 Rf7 25. Kg2 Bh6 26. h4 Rcf8 27. h5 Kg7 28. hxg6 hxg6 29. Rdd1 a5 30. Bc1 Ne6 31. Bb2 Kg8 32. f5 Ned4 33. Nxd4 Nxd4 34. Bxd4 exd4 35. fxg6 Rf6 36. Rxd4 Rxg6 37. Rd5 Rg5 38. Rxg5+ Bxg5 39. e5 dxe5 40. Bd5+ Kg7 41. Rxf8 Kxf8 42. Kf3 Kg7 43. Ke4 Kf6 44. Bb7 e6 45. Kf3 Bc1 46. Be4 Kg5 47. Bd3 Bd2 48. Be2 Bc1 49. Ke4 Bb2 50. Kf3 Bc3 51. Bd1 Bb2 52. Bc2 Bc1 53. Bh7 Bd2 54. Bg8 Kf6 55. Ke4 Bc1 56. g4 Bd2 57. Kf3 Be1 58. Bh7 Bc3 59. Bd3 Bd2 60. Be2 Bc3 1/2-1/2

[Event "Izmailov Memorial op 10th"]
[Site "Tomsk"]
[Date "2006.07.19"]
[Round "8"]
[White "Dmitrienko, Andrey"]
[Black "Zhunusov, Murat"]
[Result "1-0"]
[WhiteElo "2296"]
[BlackElo "2221"]
[PlyCount "69"]
[EventDate "2006.07.12"]
[EventType "swiss"]
[EventRounds "9"]
[EventCountry "RUS"]
[SourceTitle "EXT 2008"]
[Source "ChessBase"]
[SourceDate "2007.11.25"]
[SourceVersion "1"]
[SourceVersionDate "2007.11.25"]
[SourceQuality "1"]

1. d4 Nf6 2. c4 e6 3. Nf3 d5 4. Nc3 c6 5. Bg5 dxc4 6. e4 b5 7. e5 h6 8. Bh4 g5 9. Nxg5 Nd5 10. Nf3 Qa5 11. Rc1 Bb4 12. Qd2 Nd7 13. Be2 c5 14. 0-0 Bb7 15. Qc2 Nxc3 16. bxc3 Ba3 17. Rb1 Bd5 18. Nd2 cxd4 19. cxd4 Nb6 20. f4 Qa4 21. Bd1 Qxc2 22. Bxc2 a6 23. f5 Rg8 24. Ne4 Bxe4 25. Bxe4 Nd5 26. Rf3 Rg4 27. Bxd5 exd5 28. Rxa3 Rxh4 29. Rxb5 Rxd4 30. Rb6 Kd7 31. Rb7+ Ke8 32. Rg3 Kf8 33. e6 fxe6 34. fxe6 Re8 35. Rf7# 1-0

[Event "Izmailov Memorial op 10th"]
[Site "Tomsk"]
[Date "2006.07.18"]
[Round "7"]
[White "Klimov, Anton"]
[Black "Dmitrienko, Andrey"]
[Result "1-0"]
[WhiteElo "2402"]
[BlackElo "2296"]
[PlyCount "119"]
[EventDate "2006.07.12"]
[EventType "swiss"]
[EventRounds "9"]
[EventCountry "RUS"]
[SourceTitle "EXT 2008"]
[Source "ChessBase"]
[SourceDate "2007.11.25"]
[SourceVersion "1"]
[SourceVersionDate "2007.11.25"]
[SourceQuality "1"]

1. e4 c5 2. Nc3 Nc6 3. Bb5 d6 4. Bxc6+ bxc6 5. d3 g6 6. f4 Bg7 7. Nf3 Nf6 8. 0-0 0-0 9. Qe1 Ne8 10. b3 Nc7 11. Bb2 Nb5 12. Na4 Nd4 13. Qf2 Nxf3+ 14. Qxf3 Bd4+ 15. Kh1 Qa5 16. Qe2 Ba6 17. c3 Bg7 18. c4 Bd4 19. f5 Kg7 20. Rf3 Qd8 21. Qe3 Bxb2 22. Nxb2 f6 23. Raf1 g5 24. Rg3 h6 25. Na4 Rh8 26. Kg1 Kf8 27. h4 Bc8 28. d4 cxd4 29. Qxd4 c5 30. Nxc5 Qb6 31. Ne6+ Bxe6 32. Qxb6 axb6 33. fxe6 gxh4 34. Rg6 Rxa2 35. e5 dxe5 36. Rd1 Ra8 37. Rd7 h3 38. gxh3 Rg8 39. Rxg8+ Kxg8 40. Rxe7 f5 41. Rf7 Re8 42. Rxf5 Rxe6 43. Kf2 Kg7 44. Ke3 Rg6 45. Kf3 Rg1 46. Rxe5 Rb1 47. Rb5 Rf1+ 48. Ke4 Rf6 49. Rf5 Rd6 50. b4 Kg6 51. h4 h5 52. Rf4 Rd1 53. c5 bxc5 54. bxc5 Re1+ 55. Kd5 Rd1+ 56. Rd4 Rc1 57. c6 Kf7 58. Kd6 Re1 59. c7 Re6+ 60. Kd7 1-0

[Event "Tomsk-ch"]
[Site "Tomsk"]
[Date "2006.??.??"]
[Round "?"]
[White "Dmitrienko, Andrey"]
[Black "Loskutov, Oleg"]
[Result "1-0"]
[WhiteElo "2295"]
[BlackElo "2420"]
[PlyCount "94"]
[EventDate "2006.06.??"]
[EventType "tourn"]
[EventRounds "9"]
[EventCountry "RUS"]
[EventCategory "3"]
[SourceTitle "EXT 2008"]
[Source "ChessBase"]
[SourceDate "2007.11.25"]
[SourceVersion "1"]
[SourceVersionDate "2007.11.25"]
[SourceQuality "1"]

1. d4 Nf6 2. c4 g6 3. Nc3 Bg7 4. e4 d6 5. f3 0-0 6. Be3 a6 7. Qd2 c6 8. g4 b5 9. h4 e5 10. d5 b4 11. Na4 c5 12. h5 Bd7 13. b3 Bxa4 14. bxa4 Qa5 15. Bd3 Qxa4 16. Ne2 a5 17. Ng3 Ra7 18. Ke2 Qa3 19. Rag1 Ne8 20. Qc2 a4 21. Bc1 Qc3 22. Qxc3 bxc3 23. a3 Na6 24. Bc2 Nec7 25. Bxa4 Nb4 26. Bb3 Rb8 27. axb4 Rxb4 28. Bc2 Rxc4 29. Be3 Ra2 30. Ra1 Rca4 31. Rxa2 Rxa2 32. Kd3 Na6 33. Kxc3 Nb4 34. Bb3 Rg2 35. Rg1 Rh2 36. Ra1 h6 37. hxg6 fxg6 38. Kc4 Rh3 39. Rg1 Bf6 40. Rg2 Kf7 41. Bd1 Bh4 42. Nf1 Rh1 43. Rg1 Rh3 44. Bd2 h5 45. Bxb4 cxb4 46. gxh5 gxh5 47. Kxb4 Kf6 1-0

[Event "Tomsk-ch"]
[Site "Tomsk"]
[Date "2006.??.??"]
[Round "?"]
[White "Shkurikhin, Ilia"]
[Black "Dmitrienko, Andrey"]
[Result "1-0"]
[WhiteElo "2305"]
[BlackElo "2295"]
[PlyCount "99"]
[EventDate "2006.06.??"]
[EventType "tourn"]
[EventRounds "9"]
[EventCountry "RUS"]
[EventCategory "3"]
[SourceTitle "EXT 2008"]
[Source "ChessBase"]
[SourceDate "2007.11.25"]
[SourceVersion "1"]
[SourceVersionDate "2007.11.25"]
[SourceQuality "1"]

1. d4 Nf6 2. c4 g6 3. Nf3 Bg7 4. g3 0-0 5. Bg2 d6 6. 0-0 Nbd7 7. Nc3 e5 8. h3 c6 9. e4 Qb6 10. b3 Re8 11. Be3 Qc7 12. Re1 exd4 13. Nxd4 Nc5 14. Qc2 a5 15. Rad1 Nfd7 16. f4 Na6 17. a3 Ndc5 18. Bf2 Be6 19. Rb1 a4 20. b4 Nb3 21. Nxe6 fxe6 22. Nxa4 Nd4 23. Qd3 e5 24. fxe5 dxe5 25. c5 Rad8 26. Qc4+ Kh8 27. Be3 Qe7 28. Nb6 Nc7 29. a4 Rf8 30. Rf1 Nce6 31. Rxf8+ Rxf8 32. Rf1 Rxf1+ 33. Qxf1 Nc2 34. Bd2 Qd8 35. Bc3 Ne3 36. Qe2 Nxg2 37. Kxg2 Qg5 38. Qd2 Qh5 39. Nc4 h6 40. Qe3 Kh7 41. Nd6 Qg5 42. Qd2 Qe7 43. Qf2 Nd8 44. b5 cxb5 45. axb5 b6 46. Bb4 bxc5 47. Qxc5 Ne6 48. Qc4 Nd4 49. b6 Qf6 50. Qf7 1-0

[Event "RUS-Cup01"]
[Site "Tomsk"]
[Date "2003.07.12"]
[Round "9"]
[White "Chubakov, Alexander"]
[Black "Dmitrienko, Andrey"]
[Result "1-0"]
[WhiteElo "2362"]
[BlackElo "2216"]
[PlyCount "79"]
[EventDate "2003.07.04"]
[EventType "swiss"]
[EventRounds "9"]
[EventCountry "RUS"]
[SourceTitle "CBM 095 Extra"]
[Source "ChessBase"]
[SourceDate "2003.09.04"]
[SourceVersion "1"]
[SourceVersionDate "2003.09.04"]
[SourceQuality "1"]

1. Nf3 Nf6 2. d4 g6 3. Bf4 Bg7 4. e3 0-0 5. Be2 d5 6. h3 b6 7. 0-0 Bb7 8. Ne5 c5 9. Nd2 Nbd7 10. c3 Ne8 11. Qa4 Nxe5 12. dxe5 Nc7 13. Rad1 Qc8 14. Nf3 Ne6 15. Bg3 Bc6 16. Qh4 Qb7 17. Ne1 f5 18. exf6 exf6 19. f4 f5 20. Nf3 Bf6 21. Qh6 Bg7 22. Qh4 Rfe8 23. Ne5 Bxe5 24. fxe5 Qe7 25. Bf3 Qxh4 26. Bxh4 Nc7 27. c4 Rxe5 28. Bg3 Rae8 29. Rd2 b5 30. b3 bxc4 31. bxc4 Kf7 32. Rc1 Na6 33. Bxe5 Rxe5 34. cxd5 Bd7 35. Be2 Nb4 36. a3 Nxd5 37. Rxc5 Be6 38. Bf3 Ke7 39. Bxd5 Kd6 40. Rc6+ 1-0

[Event "Sibiria Region-ch"]
[Site "Novosibirsk"]
[Date "2003.??.??"]
[Round "6"]
[White "Dmitrienko, Andrey"]
[Black "Chigvintsev, Andrei"]
[Result "0-1"]
[WhiteElo "2278"]
[BlackElo "2379"]
[PlyCount "51"]
[EventDate "2003.05.??"]
[EventType "swiss"]
[EventRounds "9"]
[EventCountry "RUS"]
[SourceTitle "EXT 2008"]
[Source "ChessBase"]
[SourceDate "2007.11.25"]
[SourceVersion "1"]
[SourceVersionDate "2007.11.25"]
[SourceQuality "1"]

1. d4 d5 2. c4 dxc4 3. Nf3 Nf6 4. e3 a6 5. Bxc4 e6 6. 0-0 Nbd7 7. Nc3 b5 8. Be2 Bb7 9. b3 Bd6 10. Bb2 0-0 11. Rc1 Qe7 12. a4 b4 13. Nb1 Rfd8 14. Nbd2 c5 15. Nc4 Bc7 16. Qe1 a5 17. Nfe5 Nxe5 18. dxe5 Nd5 19. f4 Nb6 20. Qf2 Nxc4 21. Bxc4 Be4 22. Rfd1 Bb6 23. Be2 Bb7 24. Rxd8+ Rxd8 25. Ba1 h6 26. h3 0-1